header

Internet fraud casebook (Record no. 82544)

MARC details
000 -LEADER
fixed length control field 01144nam a2200289Ia 4500
082 04 - DEWEY DECIMAL CLASSIFICATION NUMBER
Classification number 364.163
245 00 - TITLE STATEMENT
Title Internet fraud casebook
260 ## - PUBLICATION, DISTRIBUTION, ETC. (IMPRINT)
Place of publication Hoboken, NJ :
Name of publisher Wiley ;
Place of publication Chichester :
Name of publisher John Wiley [distributor],
Year of publication 2010.
300 ## - PHYSICAL DESCRIPTION
Number of Pages xvii, 386 p. :
Other physical details ill.
650 #0 - SUBJECT ADDED ENTRY--TOPICAL TERM
Topical Term Internet fraud
Topical Term Computer crimes
700 1# - ADDED ENTRY--PERSONAL NAME
Personal name Wells, Joseph T.
856 40 - ELECTRONIC LOCATION AND ACCESS
Uniform Resource Identifier http://site.ebrary.com/lib/rucke/Doc?id=10419009

No items available.

© 2026 Rongo University
Contact us: librarian | system librarian | Rongo university